000 00667nam a22002177a 4500
003 OSt
005 20251202105625.0
008 251202b |||||||| |||| 00| 0 eng d
020 _a1-85-737-003-1
040 _aDWCL - Main Library
_cOC
082 _aGR. 700 M552 1993
100 _aPollard, Michael
245 _aMerlion Arts Library:
_bon stage /
_cMichael Pollard (and 2 others)
260 _bMerlion Publishing Ltd.,
_cc1993
300 _b192 pages :
_acolored illustration ;
_c28 cm.
504 _a1. Includes glossary
504 _a2. index
700 _aI. Bingham, Caroline
_eAuthor
700 _aII. Paker, Josephine
_eAuthor
942 _2ddc
_cGR
_mGR.
_n0
999 _c6702
_d6702